[Event "Dortmund Sparkassen op-B"]
[Site "Dortmund"]
[Date "2012.07.18"]
[Round "5"]
[White "Kernchen, Peter"]
[Black "Ziabari, Morteza"]
[Result "0-1"]
[WhiteElo "1433"]
[BlackElo "1774"]
[PlyCount "28"]
[EventDate "2012.07.14"]
[EventType "swiss"]
[EventRounds "9"]
[EventCountry "GER"]
[SourceTitle "EXT 2014"]
[Source "ChessBase"]
[SourceDate "2013.11.20"]
[SourceVersion "1"]
[SourceVersionDate "2013.11.20"]
[SourceQuality "1"]

1. d4 d5 2. Nf3 Nf6 3. c4 e6 4. Nc3 c6 5. e3 Nbd7 6. Bd2 Bd6 7. cxd5 exd5 8. Bd3 0-0 9. 0-0 Re8 10. Rc1 Nf8 11. Ne2 Ne4 12. Ng3 Bg4 13. h3 Bxf3 14. Qxf3 Nxd2 0-1

[Event "Dortmund Sparkassen op-B"]
[Site "Dortmund"]
[Date "2012.07.17"]
[Round "4"]
[White "Wilken, Bernd"]
[Black "Kernchen, Peter"]
[Result "0-1"]
[WhiteElo "1208"]
[BlackElo "1433"]
[PlyCount "26"]
[EventDate "2012.07.14"]
[EventType "swiss"]
[EventRounds "9"]
[EventCountry "GER"]
[SourceTitle "EXT 2014"]
[Source "ChessBase"]
[SourceDate "2013.11.20"]
[SourceVersion "1"]
[SourceVersionDate "2013.11.20"]
[SourceQuality "1"]

1. d4 Nf6 2. c4 e5 3. d5 Bc5 4. Nc3 0-0 5. Bg5 Bxf2+ 6. Kxf2 Ng4+ 7. Ke1 Qxg5 8. Nf3 Qe7 9. Qc2 f5 10. h3 Ne3 11. Qd2 Nxc4 12. Qc1 e4 13. Nb5 Qb4+ 0-1

[Event "Dortmund Sparkassen op-B"]
[Site "Dortmund"]
[Date "2012.07.14"]
[Round "1"]
[White "Kernchen, Peter"]
[Black "Bakshi, Raj"]
[Result "0-1"]
[WhiteElo "1433"]
[BlackElo "1589"]
[PlyCount "34"]
[EventDate "2012.07.14"]
[EventType "swiss"]
[EventRounds "9"]
[EventCountry "GER"]
[SourceTitle "EXT 2014"]
[Source "ChessBase"]
[SourceDate "2013.11.20"]
[SourceVersion "1"]
[SourceVersionDate "2013.11.20"]
[SourceQuality "1"]

1. d4 Nf6 2. c4 c5 3. Nf3 cxd4 4. Qxd4 g6 5. e3 Bg7 6. Nc3 Nc6 7. Qd1 0-0 8. Be2 d6 9. 0-0 a6 10. a3 Bd7 11. Qc2 Rc8 12. b3 b5 13. Bb2 bxc4 14. Bxc4 Nb8 15. Rac1 Qa5 16. Qe2 Qh5 17. Nd5 Nxd5 0-1